|
|
|
|
| LEADER |
00000nab a2200000 ar4500 |
| 001 |
vtls010080274 |
| 003 |
SK-MaSNL |
| 005 |
20260304173432.0 |
| 008 |
100326c20100320xo dr|n|||||||000 b|slo |
| 015 |
|
|
|a SNBRB2010/03
|2 snkbucl
|
| 038 |
|
|
|a SNKBUCL
|
| 040 |
|
|
|a SNKBUCL
|b slo
|c SNKBUCL
|e AACR2
|
| 041 |
0 |
|
|a slo
|
| 044 |
|
|
|a xo
|c SK
|
| 080 |
|
|
|a 796.925.093.1
|x (100)
|2 2001
|
| 245 |
0 |
0 |
|a Po prvom dni vedie Ammann
|b MS v letoch na lyžiach
|
| 611 |
2 |
7 |
|a Majstrovstvá sveta v letoch na lyžiach
|d (2010 :
|c Planica, Slovinsko )
|2 snkbucl
|9 1503882
|
| 650 |
0 |
7 |
|a lyžovanie
|2 snkbucl
|9 3256
|
| 650 |
0 |
7 |
|a lety na lyžiach
|2 snkbucl
|9 853197
|
| 773 |
0 |
|
|t Šport
|g Roč. 64, č. 66 (20.3.2010), s. 46
|x 0139-7001
|
| 999 |
|
|
|c 3003272
|d 3005202
|